Reforma de la Educación Secundaria. Fundamentación curricular. Español.

Kaydedildi:
Detaylı Bibliyografya
Müşterek Yazar: México. Secretaría de Educación Pública. Dirección General de Desarrollo Curricular
Materyal Türü: Kitap
Dil:İspanyolca
Konular:
Etiketler: Etiketle
Etiket eklenmemiş, İlk siz ekleyin!

MARC

LEADER 00000nam^a2200000^u^4500
001 000518336
005 20250521000000.0
008 070316s1000^^^^^^^^^^^^r^^^^^000^0^spa^d
009 20260310130417.336
022 |a 9689076396 
035 |a FCE 000062567 
037 |a Acervo ITESO - Biblioteca 
041 |a spa 
082 0 4 |a 373.04  |b SEPre ESP 
110 |a México. Secretaría de Educación Pública. Dirección General de Desarrollo Curricular 
245 1 0 |a Reforma de la Educación Secundaria. Fundamentación curricular. Español. 
264 |a México :  |b SEP,  |c 2006. 
300 |a 32 p. 
336 |a texto  |b txt  |2 rdacontenido 
337 |a sin mediación  |b n  |2 rdamedio 
338 |a volumen  |b nc  |2 rdasoporte 
649 |a XX 
650 |a Reforma de la educación 
650 |a Enseñanza del español 
650 |a Programas de estudio 
650 |a Educación secundaria 
650 |a Contexto internacional 
910 |a Fondo Centro de Estudios Educativos 
920 |a Impresos - Libros 
930 |a Fondos Especiales 
905 |a 133 
901 |a ALE071013  |b IT2  |c CEE  |u 20250521 
902 |a https://opac.biblio.iteso.mx/vufind/Record/000518336